000 00923nam a2200253 u 4500
001 000002234
003 DO-SdBNP
005 20250625102534.0
008 090701s1984 dr d 001 0 spa d
040 _aDO-SdBNP
_bspa
_cBNPHU
082 4 _a332.152
_bS489b
_222
100 1 _aSerulle Ramia, José
_96953
245 1 4 _aLos beneficiarios de la política económica del F.M.I. /
_cJosé Serulle Ramia, Jaqueline Boin.
260 _aSanto Domingo :
_bEditora Universitaria,
_c1984.
300 _a125 p :
_bilustraciones ;
_c22 cm.
490 1 _aPublicaciones de la Universidad Autónoma de Santo Domingo
_v347
490 1 _aEconomia y sociedad
_v1
500 _aIncluye índice
590 _aInventariado, 2018/MFF
700 1 _aBoin, Jaqueline
_97133
830 0 _aPublicaciones de la Universidad Autónoma de Santo Domingo
_v347
_pEconomia y sociedad
_n1
_97134
910 _aJornada de catalogación
942 _2ddc
_cLBS1
999 _c2082
_d2082